|
|
|
|
| LEADER |
01176nam a2200325Ia 4500 |
| 001 |
EBC3008639 |
| 003 |
MiAaPQ |
| 005 |
20200520144314.0 |
| 006 |
m o d | |
| 007 |
cr cn||||||||| |
| 008 |
030208s2001 enk s 000 0 eng d |
| 020 |
|
|
|z 1843271060
|
| 035 |
|
|
|a (MiAaPQ)EBC3008639
|
| 035 |
|
|
|a (Au-PeEL)EBL3008639
|
| 035 |
|
|
|a (CaPaEBR)ebr10015108
|
| 035 |
|
|
|a (CaONFJC)MIL124087
|
| 035 |
|
|
|a (OCoLC)906601935
|
| 040 |
|
|
|a MiAaPQ
|c MiAaPQ
|d MiAaPQ
|
| 050 |
|
4 |
|a HB771
|b .M3 2001
|
| 100 |
1 |
|
|a Marx, Karl,
|d 1818-1883.
|
| 245 |
1 |
0 |
|a Value, price, and profit
|h [electronic resource] :
|b addressed to working men /
|c by Karl Marx ; Edited by Eleanor Marx Aveling.
|
| 260 |
|
|
|a London :
|b Electric Book Co.,
|c c2001.
|
| 300 |
|
|
|a 71 p.
|
| 533 |
|
|
|a Electronic reproduction. Ann Arbor, MI : ProQuest, 2015. Available via World Wide Web. Access may be limited to ProQuest affiliated libraries.
|
| 650 |
|
0 |
|a Economics.
|
| 650 |
|
0 |
|a Socialism.
|
| 655 |
|
4 |
|a Electronic books.
|
| 700 |
1 |
|
|a Aveling, Eleanor Marx,
|d 1855-1898.
|
| 710 |
2 |
|
|a ProQuest (Firm)
|
| 856 |
4 |
0 |
|u https://ebookcentral.proquest.com/lib/matrademy/detail.action?docID=3008639
|z Click to View
|